NBA Finals History - Statistics

General Stats
  • This quiz has been taken 2,691 times
  • The average score is 61 of 67
Answer Stats
Losers Years Winners % Correct
BOS 2010 Lakers
98%
ORL 2009 Lakers
98%
NJN 2002 Lakers
98%
76ers 2001 Lakers
98%
IND 2000 Lakers
98%
DET 1988 Lakers
98%
BOS 1987 Lakers
98%
BOS 1985 Lakers
98%
76ers 1982 Lakers
98%
76ers 1980 Lakers
98%
NYK 1972 Lakers
98%
SYR 1954 Lakers
98%
NYK 1953 Lakers
98%
NYK 1952 Lakers
98%
SYR 1950 Lakers
98%
CAVS 2015 Warriors
98%
WAS 1975 Warriors
98%
FWP 1956 Warriors
98%
LAL 2008 Celtics
97%
HOU 1986 Celtics
97%
LAL 1984 Celtics
97%
HOU 1981 Celtics
97%
SUNS 1976 Celtics
97%
BUCKS 1974 Celtics
97%
LAL 1969 Celtics
97%
LAL 1968 Celtics
97%
LAL 1966 Celtics
97%
LAL 1965 Celtics
97%
WAR 1964 Celtics
97%
LAL 1963 Celtics
97%
LAL 1962 Celtics
97%
SLH 1961 Celtics
97%
SLH 1960 Celtics
97%
MIN 1959 Celtics
97%
SLH 1957 Celtics
97%
SPURS 2013 Heat
97%
OKC 2012 Heat
97%
MAVS 2006 Heat
97%
MIA 2014 Spurs
97%
CLE 2007 Spurs
97%
DET 2005 Spurs
97%
NJN 2003 Spurs
97%
NYK 1999 Spurs
97%
JAZZ 1998 Bulls
95%
JAZZ 1997 Bulls
95%
SEA 1996 Bulls
95%
SUNS 1993 Bulls
95%
PTB 1992 Bulls
95%
LAL 1991 Bulls
95%
LAL 2004 Pistons
93%
PTB 1990 Pistons
93%
LAL 1989 Pistons
93%
GSW 2016 Cavaliers
92%
MIA 2011 Mavericks
92%
ORL 1995 Rockets
89%
NYK 1994 Rockets
89%
LAL 1983 76ers
81%
WAR 1967 76ers
81%
LAL 1973 Knicks
75%
LAL 1970 Knicks
75%
BAL 1971 Bucks
63%
SEA 1978 Bullets
62%
WAS 1979 SuperSonics
61%
BOS 1958 Hawks
56%
76ers 1977 Trail Blazers
52%
NYK 1951 Royals
44%
FWP 1955 Nationals
31%
No matching quizzes found
Score Distribution
Percent of People with Each Score
Percentile by Number Answered
Your Score History
You have not taken this quiz